<?xml version="1.0" encoding="UTF-8"?>
<record
    xmlns:xsi="http://www.w3.org/2001/XMLSchema-instance"
    xsi:schemaLocation="http://www.loc.gov/MARC21/slim http://www.loc.gov/standards/marcxml/schema/MARC21slim.xsd"
    xmlns="http://www.loc.gov/MARC21/slim">

  <leader>00570nam a22001457a 4500</leader>
  <controlfield tag="005">20230905104059.0</controlfield>
  <controlfield tag="008">230905b           ||||| |||| 00| 0 eng d</controlfield>
  <datafield tag="050" ind1=" " ind2=" ">
    <subfield code="a">REF</subfield>
  </datafield>
  <datafield tag="245" ind1=" " ind2=" ">
    <subfield code="a">The Ghana law reports index 1959-1966 /</subfield>
    <subfield code="c">edited by E. Kofi Tetteh.</subfield>
  </datafield>
  <datafield tag="260" ind1=" " ind2=" ">
    <subfield code="a">Accra :</subfield>
    <subfield code="b">The Council for Law Reporting,</subfield>
    <subfield code="c">1976.</subfield>
  </datafield>
  <datafield tag="300" ind1=" " ind2=" ">
    <subfield code="a">341 p. :</subfield>
    <subfield code="c">25 cm.</subfield>
  </datafield>
  <datafield tag="505" ind1=" " ind2=" ">
    <subfield code="a">Contents: Cases reported -- Subject-matter -- Cases judicially considered -- Statues judicially considered -- Subsidiary legislation judicially considered.</subfield>
  </datafield>
  <datafield tag="700" ind1=" " ind2=" ">
    <subfield code="a">Tetteh, E, Kofi.</subfield>
    <subfield code="9">877</subfield>
  </datafield>
  <datafield tag="942" ind1=" " ind2=" ">
    <subfield code="2">lcc</subfield>
    <subfield code="c">BK</subfield>
  </datafield>
  <datafield tag="999" ind1=" " ind2=" ">
    <subfield code="c">10029</subfield>
    <subfield code="d">17529</subfield>
  </datafield>
  <datafield tag="952" ind1=" " ind2=" ">
    <subfield code="0">0</subfield>
    <subfield code="1">0</subfield>
    <subfield code="2">lcc</subfield>
    <subfield code="4">0</subfield>
    <subfield code="7">0</subfield>
    <subfield code="a">WIUC-1</subfield>
    <subfield code="b">WIUC-1</subfield>
    <subfield code="c">LL</subfield>
    <subfield code="d">2023-09-05</subfield>
    <subfield code="l">0</subfield>
    <subfield code="o">REF</subfield>
    <subfield code="p">3228/388/23</subfield>
    <subfield code="r">2023-09-05 00:00:00</subfield>
    <subfield code="t">1</subfield>
    <subfield code="w">2023-09-05</subfield>
    <subfield code="y">BK</subfield>
  </datafield>
  <datafield tag="952" ind1=" " ind2=" ">
    <subfield code="0">0</subfield>
    <subfield code="1">0</subfield>
    <subfield code="2">lcc</subfield>
    <subfield code="4">0</subfield>
    <subfield code="7">0</subfield>
    <subfield code="a">WIUC-1</subfield>
    <subfield code="b">WIUC-1</subfield>
    <subfield code="c">LL</subfield>
    <subfield code="d">2023-09-05</subfield>
    <subfield code="o">REF</subfield>
    <subfield code="p">3310/418/23</subfield>
    <subfield code="r">2023-09-05 00:00:00</subfield>
    <subfield code="t">2</subfield>
    <subfield code="w">2023-09-05</subfield>
    <subfield code="y">BK</subfield>
  </datafield>
</record>
